000
00280nam a22001097a 4500
005
20230823145519.0
008
230823b |||||||| |||| 00| 0 eng d
022
_a
9770973265003
245
_a
THE IUP JOURNAL OF ENTREPRENEURSHIP DEVELOPMENT
260
_a
HYDERABAD
_b
IUP
942
_c
JRL
999
_c
8413
_d
8411